000 00425cam a2200181ua 4500
001 8205
008 060101n1997 II |||gr||||Z||||||eng
040 _aMAIN
041 _aEnglish
082 _a330.01 DEW
100 _aDEWELT, K. K.
245 _aELEMENTARY ECONOMIC THEORY
260 _aNEW DELHI
_bS.CHAND & COMPANY
_c1997
300 _a545:
_c25CM.
653 _aECONOMIC THEORY
700 _aVARMA, J. D.
942 _cBK
999 _c8186
_d8186